000 01392nam a2200337 c 4500
003 BLK
005 20240507180249.0
008 180409b bul|||||r ||||||| ||bul||
010 _aKNG00135295000
020 _a978-619-150-039-0
_bиздат.: Колибри
040 _aBLK
041 _aBUL
_cBUL
072 7 _2bullib
_aН83
_xЧужда художествена литература Н
080 _aСръбска литература
_b821.163.41
_x-32
_z821.163.41-32
100 1 _aПавич, Милорад
_eпърви автор
_9266210
700 1 _aЛяпова, Русанка Костова
_eпрев. от сръб.
_9368468
139 _aПавич, Милорад
_bП 12
245 1 0 _aВратите на съня
_bИзбрани разкази
_cМилорад Павич; прев. от сръб. Русанка Костова Ляпова.
257 _aSER
260 София
_bКолибри
_c2012
_fСофия : Инвестпрес
300 _a302 с.
_c20 см
380 _aX
500 _aОриг. загл. Све приче / Милорад Павиh ; Sve Price / Milorad Pavic. - Съдържа и за авт.
659 _aН
852 _aЦб 257123
856 4 _qpdf
_u
856 4 _qpdf
_u
942 _cKNG
_n0
_03
944 _aCR
_c19.10.2012
_lГалина Якимова
_k30564
944 _aED
_c03.10.2014
_lф /
_k
999 _c129558
_d129558